000 01132nam a2200313 i 4500
003 EG-GICUC
005 20260228141700.0
008 260211s1973 ua |||fr|||| 00| 0 ara d
017 _a2655/1973
040 _a EG-GICUC
_bara
_c EG-GICUC
_d EG-GICUC
_erda
041 0 _aAra
082 0 4 _221
_a343.307
_bق ا
092 0 4 _221
099 _aLaw1 10 343.307 ق ا 1973
245 0 0 _aقانون الإجراءات الجنائية المعدل بالقانون رقم 37 لسنة 1972 والقانون رقم 5 لسنة 1973.
250 _aالطبعة الثالثة
264 1 _aالقاهرة :
_bدار الفكر الحديث،
_c1973.
300 _a152 ؛صفحة
_c24 سم.
336 _2rda content
_atext
337 _2rda media
_aComputer
338 _2rda carrier
_aOnline Resource
546 _aالنص باللغة العربية
650 1 _aقانون الإجراءات الجنائية
_xنقض/أحكام
_2qrmak
650 1 _aالقانون الجنائى
_2qrmak
651 1 _2qrmak
856 4 0 _uhttps://fll.law.cu.edu.eg/fulltext/bks/B10-08799.pdf
905 _a54
942 _2ddc
_cBK
_e21
_n0
999 _c62554
_d62554